Inequality and poverty (Record no. 1309186)
[ view plain ]
| 000 -LEADER | |
|---|---|
| fixed length control field | 02767nam a22002297a 4500 |
| 005 - DATE AND TIME OF LATEST TRANSACTION | |
| control field | 20250530165849.0 |
| 008 - FIXED-LENGTH DATA ELEMENTS--GENERAL INFORMATION | |
| fixed length control field | 250419b |||||||| |||| 00| 0 eng d |
| 020 ## - INTERNATIONAL STANDARD BOOK NUMBER | |
| International Standard Book Number | 9788131612132 |
| 040 ## - CATALOGING SOURCE | |
| Original cataloging agency | SDCL |
| Transcribing agency | SDCL |
| 041 ## - LANGUAGE CODE | |
| Source of code | eng |
| Language code of text/sound track or separate title | eng |
| 084 ## - COLON CLASSIFICATION NUMBER | |
| Classification number | Y:434.2'P R1 |
| 245 ## - TITLE STATEMENT | |
| Title | Inequality and poverty |
| 260 ## - PUBLICATION, DISTRIBUTION, ETC. | |
| Place of publication, distribution, etc. | New Delhi : |
| Name of publisher, distributor, etc. | Rawat, |
| Date of publication, distribution, etc. | 2021. |
| 300 ## - PHYSICAL DESCRIPTION | |
| Extent | xiii, 237p. |
| 520 ## - SUMMARY, ETC. | |
| Summary, etc. | This book reviews the fulfillment of two Millennium Development Goals (MDGs), namely poverty and inequality, in the Indian subcontinent. It examines the complex interplay among development, inequality and poverty in relation to corruption, environmental resource management, agricultural adjustment to climate change and institutional arrangements, with a special focus on the Northeastern region of the country. The topics covered offer a blend of theoretical arguments and empirical data with regard to the three main themes of the book, while also providing agricultural and environmental perspectives. The book also provides guidelines for policy initiatives for harnessing the region’s potential in the areas of industry, trade, sustainable use of mineral, forest and other natural resources, nature-based tourism through proper infrastructure development, and resolving land issues to achieve inclusive development.In addition to introducing some new questions on thedevelopment-ethnic conflict interface, it uses sophisticated tools such as the Blinder–Oaxaca decomposition method in consumption expenditure to show the endowment, and return to endowment effects; and techniques like spatial correlation-regression to analyze regional variation, co-integration, vector autoregression, the panel data technique and the adaptation index to climate change, to understand socio-economic complexities and the effect of the concerned variables on entrepreneurship and human development.The book offers a timely contribution to our understanding of major MDGs and highlights their successes and failures. It also includes analytical frameworks that are key to future policy initiatives. Further, it disseminates approaches and methods that improve livelihoods and standards of living through poverty reduction and promoting inclusive development along with sustainable utilization of available natural resources. Putting forward various ideas for creating a more sustainable future, it inspires and encourages readers to pursue further studies to address the gaps that still remain. |
| 650 ## - SUBJECT ADDED ENTRY--TOPICAL TERM | |
| Topical term or geographic name entry element | Business & Economics / Development / Economic Development |
| 9 (RLIN) | 811301 |
| 650 ## - SUBJECT ADDED ENTRY--TOPICAL TERM | |
| Topical term or geographic name entry element | Business & Economics / Economics / General |
| 9 (RLIN) | 811302 |
| 650 ## - SUBJECT ADDED ENTRY--TOPICAL TERM | |
| Topical term or geographic name entry element | Development economics |
| 9 (RLIN) | 322999 |
| 700 ## - ADDED ENTRY--PERSONAL NAME | |
| Personal name | Karade, Jagan |
| 9 (RLIN) | 752464 |
| 700 ## - ADDED ENTRY--PERSONAL NAME | |
| Personal name | Patil, Rajendra |
| 9 (RLIN) | 811303 |
| 942 ## - ADDED ENTRY ELEMENTS (KOHA) | |
| Source of classification or shelving scheme | Colon Classification (CC) |
| Koha item type | Textual |
| Suppress in OPAC | No |
| Withdrawn status | Lost status | Source of classification or shelving scheme | Damaged status | Not for loan | Home library | Current library | Date acquired | Source of acquisition | Inventory number | Total Checkouts | Full call number | Barcode | Date last seen | Price effective from | Koha item type |
|---|---|---|---|---|---|---|---|---|---|---|---|---|---|---|---|
| Colon Classification (CC) | South Campus Library | South Campus Library | 2025-04-19 | Better Book Service | 85, 11/12/2024, INR 995.00 | Y:434.2'P R1 | SC1690756 | 2025-04-19 | 2025-04-19 | Textual |
